| 000 | 01198nam a22003737a 4500 | ||
|---|---|---|---|
| 003 | CHAP | ||
| 005 | 20220817042419.0 | ||
| 008 | 971013s1971 r 00010 d | ||
| 010 | _a43911 | ||
| 011 | _a44883 | ||
| 035 | _a49022 | ||
| 040 | _cCHAP | ||
| 082 |
_a641.18 _bF3 |
||
| 110 | _aFAO | ||
| 245 | _aNecesidades de ácido ascórbico, vitamina D, vitamina B12, folato y hierro | ||
| 260 |
_aRoma : _bFAO, _c1971 |
||
| 300 | _a94 p. | ||
| 490 |
_aFAO. Reuniones sobre nutrición _v; 47 |
||
| 590 |
_aBATCH-UPD _b10 _c20130110 _lUCH01 _h1131 |
||
| 590 |
_aBATCH-UPD _b10 _c20130410 _lUCH01 _h0720 |
||
| 590 |
_aBATCH-UPD _b10 _c20130914 _lUCH01 _h1351 |
||
| 590 |
_aCONVERSION _b10 _c20130109 _lUCH01 _h1324 |
||
| 650 | 1 | 4 |
_aAcido folico. _9583 |
| 650 | 1 | 4 |
_aHierro en nutrición. _955301 |
| 650 | 1 | 4 |
_aVitaminas (B12) _9120013 |
| 650 | 1 | 4 |
_aVitaminas (C) _9120014 |
| 650 | 1 | 4 |
_aVitaminas (D) _9120016 |
| 710 | 0 |
_aOrganización Mundial de la Salud. _983555 |
|
| 830 | 0 |
_aFAO. Reuniones sobre nutrición _v; 47 _939679 |
|
| 901 | _aBK | ||
| 942 | _cLIBRO | ||
| 949 |
_a641.18 F3 _bBC _cFAO _d-110723 _eFAO1 _h15871 _i49022 _si |
||
| 949 |
_a641.18 F3 _bBC _cFAO _d-110724 _eFAO2 _fc.2 _h8876 _i49022 _si |
||
| 999 |
_c43911 _d43911 |
||